| 000 | 00367nam a2200157Ia 4500 | ||
|---|---|---|---|
| 003 | OSt | ||
| 005 | 20240208141119.0 | ||
| 008 | 170524s9999 xx 000 0 und d | ||
| 020 | _a139780070669116 | ||
| 040 | _cIIMT ENGINEERING COLLEGE | ||
| 100 | _aJain R P | ||
| 245 | 0 | _aModern digital Electronics | |
| 260 | _bNew Delhi TMH | ||
| 260 | _c2008 | ||
| 942 |
_2ddc _c01 |
||
| 999 |
_c5493 _d5493 |
||